গণকেন্দ্র : সচিত্র মাসিক পত্রিকা

Dades bibliogràfiques
Autor corporatiu: Bangladesh Rural Advancement Committee
Format: Llibre
Idioma:English
Bengali
Matèries:
Classic Catalogue: View this record in Classic Catalogue
LEADER 01424nam a22003017a 4500
001 42651
003 BD-DhAAL
005 20250428122353.0
008 240526t1981 bg a|||| |||| 00| 0 eng d
040 |a BD-DhAAL  |d BD-DhAAL 
041 |a ben 
082 |a 079.5492  |2 23 
110 |a Bangladesh Rural Advancement Committee.  |9 56448 
245 |a গণকেন্দ্র :  |b সচিত্র মাসিক পত্রিকা  |g বৈশাখ -চৈত্র ১৩৮৮. 
246 |a মাসিক গণকেন্দ্র. 
264 |a ঢাকা :  |b ব্র্যাক পাবলিকেশন,  |c ১৯৮২ [১৩৮৮]. 
300 |a v. :  |b সচিত্র ;  |c ৩২ সে.মি. 
362 |a Vol. 9, no.1 (Apr. 1981)-v. 9, no. 12 (Mar.1982) 
362 |a বর্ষ ৯ম, সংখ্যা ১(বৈশাখ ১৩৮৮)-বর্ষ ৯ম,সংখ্যা ১২ (চৈত্র ১৩৮৮) 
500 |a This book contains volume 9, no. 1-12.  
541 |a BRAC  |e 42651 
650 |a Newspaper  |z Bangladesh.  |9 53582 
650 |a Journalism  |z Bangladesh. 
650 |a Bengali newspapers  |z Bangladesh.  |9 58004 
852 |a Ayesha Abed Library  |c BRAC Resource Section 
942 |2 ddc  |c BK 
999 |c 46676  |d 46676 
952 |0 0  |1 0  |2 ddc  |4 0  |6 079_549200000000000_GAN  |7 1  |9 75548  |a BRACUL  |b BRACUL  |c BRS  |d 2024-05-26  |e BRAC  |l 0  |o 079.5492 GAN  |p 3010042651  |r 2024-05-26  |t 1  |w 2024-05-26  |y BK  |x BRAC